Documentos de la historia de Nicaragua 1523-1857 (Registro nro. 16028)

Detalles MARC
000 -CABECERA
Longitud fija campo de control 00623nam a22001817a 4500
003 - IDENTIFICADOR DELl NÚMERO DE CONTROL
Identificador del número de control OSt
005 - FECHA Y HORA DE LA ÚLTIMA TRANSACCIÓN
Fecha y hora de la última transacción 20141203152645.0
008 - CÓDIGOS DE INFORMACIÓN DE LONGITUD FIJA
Códigos de información de longitud fija 141121b xxu||||| |||| 00| 0 eng d
040 ## - FUENTE DE LA CATALOGACIÓN
Centro transcriptor BMC
082 ## - NÚMERO DE LA CLASIFICACIÓN DECIMAL DEWEY
Númeroo de clasificación 972.8503
245 00 - MENCIÓN DE TÍTULO
Título Documentos de la historia de Nicaragua 1523-1857
Mención de responsabilidad, etc. recopilados por Antonio Esgueva Gómez
260 ## - PUBLICACIÓN, DISTRIBUCIÓN, ETC. (PIE DE IMPRENTA)
Lugar de publicación, distribución, etc. Managua
Nombre del editor, distribuidor, etc. Universidad Centroamericana, Departamento de Filosofía e Historia
Fecha de publicación, distribución, etc. [1993]
300 ## - DESCRIPCIÓN FÍSICA
Extensión 252 p.
Otras características físicas il.
Dimensiones 21 cm.
504 ## - NOTA DE BIBLIOGRAFÍA, ETC
Nota de bibliografía, etc. Bibliografía: p. 245-252
651 24 - PUNTO DE ACCESO ADICIONAL DE MATERIA - NOMBRE GEOGRÁFICO
Nombre geográfico Nicaragua
Subdivisión de materia general Historia
Subdivisión cronológica 1527-1821 (Época colonial)
9 (RLIN) 28704
700 1# - PUNTO DE ACCESO ADICIONAL - NOMBRE DE PERSONA
Nombre de persona Esgueva Gómez, Antonio
9 (RLIN) 9488
942 ## - ENTRADA DE ELEMENTOS AGREGADOS (KOHA)
Fuente de clasificaión o esquema Dewey Decimal Classification
Koha [por defecto] tipo de item 1- Monografias
Existencias
Suprimido Perdido Fuente de clasificación o esquema Estropeado Restricciones de uso No para préstamo Código de colección Localización permanente Localización actual Localización en estanter&íacute;as Fecha adquisición Fuente de adquisición Número de inventario Préstamos totales Signatura completa Código de barras Fecha última consulta Fecha último préstamo Fecha del precio de reemplazo Tipo de item de Koha
NULL NULL Dewey Decimal Classification NULL Prestable NULL NULL Biblioteca Miguel de Cervantes - UNICAES Biblioteca Miguel de Cervantes - UNICAES Sala Principal 24/11/2014 Donación - Jorge Giammattei 025072 1 972.8503 DOC 1025482 29/07/2016 28/07/2016 24/11/2014 1- Monografias